000 00602nam a2200229 i 4500
001 C2-0072519
003 PPAK
005 20190630222214.0
008 970429s1985 enk |||| ||||| | eng d
020 _a0333388283
040 _aPPAK
_beng
_cPPAK
_erda
082 0 4 _a354.410313
_223
090 0 0 _a354.410313
_bBRI
_dG
245 0 4 _aThe British Prime Minister
264 1 _aLondon :
_bMacmillan ,
_c1985
300 _avii, 275 pages ;
_c22 cm
336 _2rdacontent
_atext
337 _2rdamedia
_aunmediated
338 _2rdacarrier
_avolume
700 1 _aKing, Anthony,
_eeditor
942 _ddc
_cB
999 _c9485
_d9485